[Event "Medellin Flores op 30th"]
[Site "Medellin"]
[Date "2023.08.04"]
[Round "2"]
[White "Zapata, Olga Maria"]
[Black "Velez, Alexander"]
[Result "0-1"]
[WhiteElo "1538"]
[BlackElo "1600"]
[PlyCount "60"]
[EventDate "2023.08.03"]
[EventType "swiss"]
[EventRounds "9"]
[EventCountry "COL"]
[SourceTitle "EXT 2024"]
[Source "ChessBase"]
[SourceDate "2023.10.10"]
[SourceVersion "1"]
[SourceVersionDate "2023.10.10"]
[SourceQuality "1"]

1. d4 Nf6 2. c4 g6 3. Nc3 Bg7 4. e4 d6 5. f3 0-0 6. Be3 Nbd7 7. Nh3 c5 8. d5 Ne8 9. Qd2 Bh8 10. Nf2 a6 11. Be2 Rb8 12. a4 Qa5 13. Nfd1 Nc7 14. 0-0 Nf6 15. Qc1 Bd7 16. Bd2 Na8 17. h3 Qd8 18. Rb1 Qc7 19. b4 cxb4 20. Rxb4 Qc5+ 21. Be3 Qxb4 22. Qc2 Qa5 23. Qb3 Rfc8 24. Ba7 Qc7 25. Ne3 b6 26. Bxb8 Rxb8 27. Rb1 Nh5 28. Nc2 Qc5+ 29. Kf1 Ng3+ 30. Ke1 Bxc3+ 0-1